000 01462cam a22002054a 4500
005 20250605163346.0
008 250528s ||||||||||||||||||||||||d
035 _a17567
020 _a9789602184486
040 _aGR-AtMCL
_bgre
_dGR-AtMCL
_eAACR2
245 1 _aΣχεσιακές Βάσεις Δεδομένων / Θεωρία και Εργαστηριακές Ασκήσεις
250 _a
260 _bΚριτική,
_c2005
300 _a392
520 _aΤο βιβλίο πραγματεύεται τις θεμελιώδεις έννοιες και τις βασικές τεχνικές για το σχεδιασμό, την υλοποίηση και τη χρήση συστημάτων που βασίζονται στις σχεσιακές βάσεις δεδομένων. Πρόλογος, Θεωρία, Εισαγωγή, Μοντέλα Δεδομένων, Το Σχεσιακό Μοντέλο, Μετατροπή ΔΟΣ σε Σχεσιακή Βάση Δεδομένων, Η Γλώσσα SQL, Κανονικοποίηση, Εισαγωγή στην Access, Εργαστηριακές Ασκήσεις στην Access, Δημιουργία ΒΔ, Αναζήτηση Δεδομένων, Διαχείριση Δεδομένων, Φόρμες και Εκθέσεις, Επαναληπτική Άσκηση, Βιβλιογραφία.
700 1 _aΚεχρής Ευάγγελος
942 _cBK
999 _c2971
_d2971